[Event "Match 82__120'/40"]
[Site "Zürich"]
[Date "2025.??.??"]
[Round "45"]
[White "Scorpio 68000 sel. 4"]
[Black "Mephisto Explorer Pro"]
[Result "1-0"]
[Annotator "23,5-21,5 for Explorer"]
[WhiteElo "2043"]
[BlackElo "2016"]
[WhiteFideId "-1"]
[BlackFideId "-1"]
[PlyCount "82"]
[GameId "546470441698"]
[EventDate "2025.10.05"]
[EventType "match"]
[EventRounds "50"]

{[%evp 0,82,14,18,25,25,22,18,27,19,16,21,33,37,45,29,83,58,75,75,92,86,107,98,102,72,93,73,108,117,99,121,96,90,91,112,119,102,306,328,318,382,326,323,615,570,603,607,682,698,679,438,466,419,402,400,475,467,528,558,621,642,677,723,653,630,916,665,899,615,742,737,887,936,1142,1120,1740,1457,1446,1461,1982,29972,29975,29974,29975]} 1. e4 e6 {Match Nr. 82 mit 120'/40 | Bediener: Rolf Bühler | Kommentator: Kurt Utzinger | 45. Partie: Weiss (Scorpio 68000 sel. 4) gewinnt | Zwischenstand: 23,5-21,5 für Mephisto Explorer Pro | Stand hypothetisch: 26-19 für Mephisto Explorer Pro | Eröffnung: Französische Verteidigung, Vorstoss Variante | Buchzüge 6 (230) von Scorpio und 5 (186) von Mephisto Explorer Pro | Partieverlauf: In einem komplizierten Kampf gelingt es dem Scorpio 68000 sel. 4 mit einer guten Leistung schliesslich, die Anti Französische Behandlung der schwarzen Eröffnungsanlage doch noch zu bestrafen.} 2. d4 d5 3. e5 c5 4. c3 Nc6 5. Nf3 Qb6 $11 {***ENDE BUCH***} 6. a3 $11 {***ENDE BUCH***} Be7 $2 {Bei einem Französisch Spieler sträuben sich die Haare ob diesem Läuferzug, der wenig Verständnis für die Erfordernisse der Stellung zeigt. Gebräuchliche Alternativen sind 6...c4 / 6...Sh6 / 6...Ld7 / 6...a5.} (6... c4 7. Nbd2 Na5 8. Be2 Bd7 9. O-O $11 {½-½ Nepomniachtchi,I (2779)-Caruana,F (2782) Zagreb SuperUnited Rapid 2023 (8)}) (6... Nh6 7. Bd3 cxd4 8. cxd4 Bd7 9. Bc2 Nf5 $11 {½-½ Demchenko,A (2620)-Aronian,L (2737) FIDE Grand Swiss Samarkand 2025 (11)}) (6... Bd7 7. b4 cxd4 8. cxd4 Rc8 9. Be3 $11 {½-½ Abdusattorov,N (2762)-Grischuk,A (2708) FIDE World Rapid Team Almaty 2024 (10.3)}) (6... a5 7. Bd3 Bd7 8. Bc2 Nh6 9. O-O cxd4 $11 {½-½ Quesada Perez,Y (2590)-Druska,J (2496) USA-chT College final Webster Groves 2023 (2.1)}) 7. Be2 {Das ist zu zahm.} (7. b4 $16 {ist hier die logische Fortsetzung, nachdem Schwarz mit 6...Le7 ein Tempo verloren hat. Dazu findet man keine Turnierpartien zwischen starken Spielern, weil solche nicht auf die Idee 6...Le7 kommen.}) 7... Nh6 8. b4 (8. O-O cxd4 9. cxd4 Nf5 10. Bd3 Nfxd4 $17 {0-1 Chumpitaz Carbajal,A (2244)-Sawlin,L (2385) Titled Tuesday intern op 29th Sept Chess.com INT blitz 2020 (8)}) 8... cxd4 $6 (8... c4 {passt hier besser} 9. a4 f6 $13 {unklar}) 9. Bxh6 gxh6 10. cxd4 $16 Rg8 11. b5 Na5 12. O-O Bd7 13. Qd3 Rg7 14. Nbd2 $16 {Weiss steht deutlich besser. Vor allem stellt sich für den noch in der Brettmitte stehenden König die Frage, ob er sich getrauen soll, die lange Rochade auszuführen, wenn der Gegner die offene c-Linie zur Verfügung hat.} {[#]} O-O-O $2 $18 {[%mdl 32768] Da in seinem Berechnungshorizont keine Gefahren ersichtlich sind, wird lang rochiert. Objektiv betrachtet ist die Stellung nun aber schon sehr kritisch, bzw. verloren für Schwarz. Die Bewertung meiner Engine bestätigt das: +- (2.17) (100% +99% =1% -0%) Tiefe 44} 15. Rfc1+ Kb8 16. Rc3 ({Stärker ist} 16. Qe3 {denn der b5-Bauer ist tabu} Rdg8 (16... Bxb5 $2 17. Rab1 a6 18. a4 $18) 17. g3 h5 18. h4 Qd8 {droht ...Lxh4} 19. Kh2 $18) 16... Rdg8 17. Bf1 {Analog der gezeigten Variante ist 17.g3 besser, ist nun doch der Läufer an die Verteidigung von g2 gebunden.} f6 18. a4 Bb4 $2 $18 {[%mdl 32768] Das ***VERLIERT*** endgültig. Nur mit 18...f5 kann Schwarz noch mitspielen.} 19. exf6 $1 Bxc3 20. Qxc3 Rg6 21. Ne5 {Auch 21.f7 gewinnt.} Rd8 22. f7 Rf6 23. Rc1 {Das droht Sxd7+ (oder Txd7, Dc8 Matt) Ka8, Dc8+ Txc8, Txc8 Matt. Um diese Drohung zu vereiteln, geht entscheidend Material verloren. Selbst die beiden besten Varianten für Schwarz sehen schrecklich hoffnungslos aus:} Qd6 ({PROMENADE-avx2: 1)} 23... Bc6 {+- 8.06(100%)/55} 24. bxc6 Nxc6 25. a5 Qc7 26. a6 Rxf7 27. Nxf7 Rd7 28. Ne5 Nxe5 29. dxe5 Qxc3 30. Rxc3 Rc7 31. Rb3 Kc8 32. axb7+ Kb8 33. g3 Rxb7 34. Ra3 Kc7 35. Kg2 Kc6 36. Nf3 Kc5 37. Ra1 Rg7 38. Rb1 Rg5 39. h4 Rg4 40. Rb5+ Kc6 41. Ra5 Kb7 42. Bd3 Rb4 43. Ra1 Rb3 44. Bxh7 Rb6 45. Nd4 Ra6 46. Rc1 Ra2 47. Nxe6 Re2 48. Nd8+ Kb6 49. e6 a5 50. Bd3 Rxe6 51. Nxe6 a4 52. Nf4 d4 53. Nd5+ Kb7 54. Be4 Ka7 {[%eval 806,55] [%wdl 1000,0,0]}) ({PROMENADE-avx2: 2)} 23... Nc4 {+- 8.26(100%)/54} 24. Bxc4 Qc7 25. Qa3 Bc8 26. Bf1 Qd6 27. Qc3 Rf8 28. Ndf3 Rf4 29. a5 h5 30. h4 h6 31. Bd3 Qd8 32. Bg6 Qd6 33. a6 Rf6 34. Bxh5 Rd8 35. axb7 Bxb7 36. Ra1 Qb6 37. Qa3 a5 38. bxa6 Qxa6 39. Qxa6 Bxa6 40. Rxa6 Kb7 41. Ra1 Rc8 42. Kh2 Rc3 43. Bg4 Rc8 44. Kh3 Rd8 45. Bh5 Rf8 46. Kh2 Rc8 47. Nd7 Rf4 48. Kh3 Rf5 {[%eval 826,54] [%wdl 1000,0,0]}) 24. Qxa5 b6 25. Qa6 Rc8 (25... Bc8 26. Nc6+ Qxc6 27. bxc6 Bxa6 28. c7+ Kc8 29. Bxa6+ $18) 26. Nxd7+ Qxd7 27. Rc6 Rxc6 28. bxc6 Qxc6 29. Nf3 Qc2 (29... Rxf7 30. Ne5 $18) 30. Qb5 Kc7 (30... Rxf7 31. Qe8+ Qc8 32. Qxf7 $18) 31. Qe8 Qf5 32. Qe7+ Kb8 33. Qd8+ Kb7 34. a5 bxa5 35. Qd7+ Kb8 36. Qb5+ Kc7 37. Bd3 Qf4 38. Qc5+ Kd8 39. g3 {Weiss hat Mattangriff.} Qb8 40. f8=Q+ Rxf8 41. Qxf8+ Kc7 {***AUFGEGEBEN***} 1-0

[Event "Match 82__120'/40"]
[Site "Zürich"]
[Date "2025.??.??"]
[Round "46"]
[White "Mephisto Explorer Pro"]
[Black "Scorpio 68000 sel. 4"]
[Result "0-1"]
[Annotator "23,5-22,5 for Explorer"]
[WhiteElo "2016"]
[BlackElo "2043"]
[WhiteFideId "-1"]
[BlackFideId "-1"]
[PlyCount "117"]
[GameId "546578942821"]
[EventDate "2025.10.05"]
[EventType "match"]
[EventRounds "50"]

{[%evp 0,117,10,15,13,-1,-5,-36,-25,-31,-30,-33,-34,-29,-47,-43,-57,-83,-64,-118,-130,-141,-143,-149,-128,-177,-204,-209,-117,-147,-150,-193,-174,-161,-195,-227,-156,-154,-133,-117,-101,-218,-241,-225,-273,-200,-209,-187,-194,-214,-230,-224,-173,-171,-187,-200,-192,-217,-178,-159,-190,-230,-173,-223,-138,-268,-216,-276,-322,-275,-272,-177,-244,-235,-264,-187,-251,-241,-238,-228,-217,-239,-348,-296,-253,-422,-198,-201,-93,-72,-238,-224,-149,-181,-315,32767,-463,-414,-337,-443,-389,-671,-822,-1137,-1182,-861,-1195,-1457,-1179,-1331,-1142,-29981,-29982,-29983,-29986,-29983,-29988,-29989,-29990,-1569]} 1. d4 d5 {Match Nr. 82 mit 120'/40 | Bediener: Rolf Bühler | Kommentator: Kurt Utzinger | 46. Partie: Schwarz (Scorpio 68000 sel. 4) gewinnt | Zwischenstand: 23,5-22,5 für Mephisto Explorer Pro | Stand hypothetisch: 26-20 für Mephisto Explorer Pro | Eröffnung: Blackmar Diemer Gambit | Buchzüge 4 (234) von Scorpio und 5 (189) von Mephisto Explorer Pro | Partieverlauf: Weiss wählt das Blackmar Diemer Gambit. Und fast wie immer unter Oldies erhält er keine Kompensation für den Bauern. Die Partie nimmt seinen Lauf und der Mephisto Explorer Pro wird langsam aber sicher zusammengeschoben, weil er seine wenigen Chancen, sich etwas zu erleichtern, nicht wahrnimmt.} 2. Nc3 Nf6 3. e4 $17 {***ENDE BUCH***} Nxe4 {Mit diesem Schlagen wird die Hauptvariante des Blackmar Diemer Gambits vermieden und es verschwinden zwei Leichtfiguren vom Brett. Das ist eher vorteilhaft für den Verteidiger. Mit diesem Sieg rückt der Scorpio 68000 sel. 4 seinem Gegner wieder gefährlich nah auf die Pelle.} (3... dxe4 4. f3 exf3 5. Nxf3 {ist die Hauptvariante} g6 6. g3 Bg7 7. Bg2 Nc6 8. O-O O-O 9. Ne2 Ne4 10. c3 Be6 11. Ne5 Nxe5 12. Bxe4 Nc4 13. Nf4 Bc8 14. Qe2 Nd6 15. Bg2 Bd7 16. Nd3 Bb5 17. Bf4 Qd7 18. Qc2 Rad8 19. Rae1 Rfe8 20. b3 c6 21. a4 Bxd3 22. Qxd3 Qg4 23. Qe2 Qxe2 24. Rxe2 Rd7 25. Rfe1 e6 26. Kf2 Nc8 27. Be5 Bxe5 28. Rxe5 Kg7 29. h4 Ne7 30. Ke2 Nf5 31. Kf2 h5 32. a5 Nh6 33. Bf3 a6 34. b4 Nf5 35. Bg2 Rg8 36. Kf3 Kf6 37. Kf4 Ke7 38. Bh3 Kd6 39. Bg2 Rc7 40. R5e2 Rd8 41. Re5 Ne7 42. Ke3 f6 43. Re4 Nf5+ 44. Kf2 Re7 45. c4 Rde8 46. Kf3 g5 47. hxg5 fxg5 48. Bh1 Rf8 49. Kg2 Rff7 50. Kh3 Rh7 51. Bg2 Rh6 52. Kh2 h4 53. g4 Ng3 54. Re5 Rg6 55. d5 c5 56. Rxe6+ Rgxe6 57. Rxe6+ Rxe6 58. bxc5+ Kxc5 59. dxe6 Kd6 60. Bxb7 Nf1+ 61. Kh3 Kxe6 62. Bxa6 Kd7 63. c5 Ne3 64. Bd3 Kc7 65. Be4 Nd1 66. Kh2 Nc3 67. Bf3 Kb8 68. Bg2 Na4 69. c6 Nc5 70. Bf3 Kc7 71. Kg2 Na6 72. Kf2 Nb4 73. Ke3 Nxc6 74. Ke4 h3 75. Bh1 Nxa5 76. Kf5 h2 77. Kxg5 Kd6 78. Kf6 Nc6 79. g5 Ne7 80. g6 Nxg6 81. Kxg6 Ke5 82. Kg5 Ke6 83. Kf4 Kf6 84. Bf3 h1=Q 85. Bxh1 {½-½ Mephisto Explorer Pro (2018)-Scorpio 68000 sel. 4 (2080) Match 62__120'/40 Zurich 2021 (8)}) 4. Nxe4 dxe4 $15 {***ENDE BUCH***} 5. Bf4 {Jetzt ist 5.f3 nicht mehr zu empfehlen wegen der starken Riposte 5...e5.} (5. f3 e5 6. dxe5 Qxd1+ 7. Kxd1 Bf5 $17 {und Schwarz steht besser}) (5. Be3 Nc6 6. d5 Nb4 7. c4 e5 8. a3 Na6 $15 {mit leichtem Vorteil für Schwarz}) 5... Bf5 6. c3 e6 7. Qb3 Qc8 8. O-O-O Bd6 9. Bb5+ Nd7 {[#] Weiss hat nicht genügend Kompensation für seinen Bauern. Bewertung von Rems M-091224 aus Sicht von Weiss:  (-1.59) (5% +0% =10% -90%) Tiefe: 43/69} 10. Bg3 O-O 11. Nh3 a6 12. Bc4 {Nicht im besten und fordert die Antwort geradezu heraus.} b5 13. Be2 {[#]} e5 $19 {[%mdl 32768] Weiss ***VERLIERT***, denn der schwarze Vorteil ist bereits entscheidend.} 14. dxe5 Bxe5 15. Rd2 c6 16. Rhd1 a5 17. Ng5 Nc5 18. Qa3 b4 $2 {Weiss steht total im Regen.} 19. cxb4 axb4 20. Qe3 (20. Qxb4 $2 Rxa2 21. Bxe5 (21. Qxc5 e3 $1 $19) 21... e3 $1 22. Rd3 Ra1+ 23. Kc2 Rxd1 24. Kxd1 Nxd3 25. Bxd3 Qd8 $19) 20... Bxg3 21. hxg3 Nd3+ 22. Kb1 (22. Bxd3 exd3 23. Kb1 h6 24. Nf3 c5 $19) 22... Nxf2 23. Rf1 ({Aber nicht} 23. Qxf2 e3+ 24. Ka1 (24. Qxf5 Qxf5+) 24... exf2 $19) 23... h6 24. Rxf2 hxg5 25. Bc4 Bh7 $6 {Deutlich besser 25...Ta5 oder 25...g4. Nun kann sich Weiss etwas erholen.} 26. Rf1 Ra5 $2 $11 {So geht gar der ganze Vorteil von Schwarz in die Binsen.} 27. Rh1 $2 {Verpasst den nicht auf der Hand liegenden Ausgleich.} (27. g4 $1 Bg6 28. Rd6 Rd5 29. Bxd5 cxd5 30. Qd4 Qc4 31. Qxc4 dxc4 $11) 27... g4 {Stärker sind 27...Df5 oder 27...Td8. [#]} 28. Rhd1 $2 {[%mdl 32768] Das ***VERLIERT*** wieder für Weiss. Nach 27.Tdd1 wäre der Tag bei unseren Oldies noch nicht entschieden.} Rh5 (28... Bf5 {ist noch stärker}) 29. Rd7 Bg6 {In den nächsten Zügen gibt es fast immer auch andere Wege, die nach Rom führen.} 30. Re7 c5 31. Rd6 Qf5 32. Qc1 {Das sollte den weissen Untergang beschleunigen.} Rh8 $6 {Ein unverständliches und sinnloses Manöver, obwohl Schwarz damit seinen entscheidenden Vorteil nicht wegwirft.} (32... e3+ 33. Ka1 Qg5 34. Rdd7 e2 35. Qe1 Qh6 36. Bxe2 Rh1 37. Bf1 Bc2 38. Rd2 Rxf1 39. Rxc2 (39. Qxf1 Qxd2 {[%emt 0:00:14] Matt in}) 39... Rxe1+ 40. Rxe1 Ra8 $19) 33. Bd5 e3+ 34. Ka1 Qc2 35. Bxf7+ {Einleitung zu einer Abwicklung, die materiell noch das Beste herausholt. Aber am Ende verbleibt Weiss mit einer ebenfalls verlorenen Stellung.} Rxf7 36. Re8+ Rf8 37. Rxf8+ Kxf8 38. Qxc2 Bxc2 39. Rd8+ Ke7 40. Rxh8 e2 41. Rh1 c4 42. a3 bxa3 ({Nach} 42... b3 {wäre Schwarz völlig tot. Der schwarze König marschiert einfach nach f2 und verwandelt den Bauern.} 43. Re1 Bd3 44. a4 Kd6 45. Rg1 Kc5 46. Re1 Kd4 47. a5 Ke3 48. a6 Kf2 49. Rh1 e1=Q+ 50. Rxe1 Kxe1 51. a7 Be4 $19) 43. bxa3 c3 44. Re1 Bd1 45. a4 Kd6 46. a5 Kc6 47. Rh1 Kb7 48. Ka2 Ka6 49. Ka3 g6 50. Rg1 Kxa5 51. Rh1 Kb5 52. Ka2 Kc4 53. Kb1 Kd3 54. Kc1 Ke3 55. Rh7 e1=Q 56. Re7+ Kf2 57. Rxe1 Kxe1 58. Kb1 Bb3 59. Kc1 {***AUFGEGEBEN***} 0-1

[Event "Match 82__120'/40"]
[Site "Zürich"]
[Date "2025.??.??"]
[Round "47"]
[White "Scorpio 68000 sel. 4"]
[Black "Mephisto Explorer Pro"]
[Result "0-1"]
[Annotator "24,5-22,5 for Explorer"]
[WhiteElo "2043"]
[BlackElo "2016"]
[WhiteFideId "-1"]
[BlackFideId "-1"]
[PlyCount "55"]
[GameId "546578942822"]
[EventDate "2025.10.05"]
[EventType "match"]
[EventRounds "50"]

{[%evp 0,52,21,30,38,32767,48,52,37,32767,59,32767,32767,32767,20,-34,32767,32767,-56,-128,32767,32767,-277,32767,32767,32767,-508,-403,-710,32767,-643,32767,32767,32767,-833,32767,32767,32767,-798,-825,32767,32767,-807,32767,32767,32767,-920,-977,32767,32767,-997,-1011,32767,32767,-964]} 1. e4 Nf6 {Match Nr. 82 mit 120'/40 | Bediener: Rolf Bühler | Kommentator: Kurt Utzinger | 47. Partie: Schwarz (Mephisto Explorer Pro) gewinnt | Zwischenstand: 24,5-22,5 für Mephisto Explorer Pro | Stand hypothetisch: 27-20 für Mephisto Explorer Pro | Eröffnung: Aljechin Verteidigung, Modernes System, Panow Variante | Buchzüge 5 (239) von Scorpio und 4 (193) von Mephisto Explorer Pro | Partieverlauf: Die Partie lässt sich in drei Phasen aufteilen. In der 1. Phase (Züge 1-6) herrscht Ausgleich. Mit dem zu ambitiösen Vorstoss 7.c4? wird die Phase 2 eingeleitet, Schwarz erhält leichten Vorteil, den er bis 10...Dd4 noch spürbar ausbauen kann. In der 3. Phase (Züge 11-28) lebt der Scorpio 68000 sel. 4 nur noch vom Prinzip "Hoffnung", ohne jedoch seine verlorene Stellung noch retten zu können, zumal er furchtbar unter die Räder kommt. Eine starke Leistung des holländischen Programms von Frans Morsch.} 2. e5 Nd5 3. d4 d6 4. Nf3 Bg4 $16 {***ENDE BUCH***} 5. h3 $11 {***ENDE BUCH***} (5. Be2 {ist die üblichste und modernste Fortsetzung.} e6 6. O-O $14) 5... Bxf3 6. Qxf3 dxe5 $11 7. c4 $2 {Eine Ungenauigkeit, die zu klarem Vorteil für Schwarz führt.} Nb4 $1 8. Qc3 {erzwungen} e6 9. dxe5 $2 {Ungenau, so dass sich der Vorteil von Schwarz spürbar vergrössert. Richtig wäre 9.a3 gewesen.} ({Rems M-091224-avx2:} 9. a3 N4c6 10. dxe5 a5 11. Nd2 Qd4 12. Nf3 Qxc3+ 13. bxc3 Nd7 14. Bf4 a4 15. Be2 Ra5 16. O-O Ncxe5 17. Rfb1 b6 18. Nd4 Be7 19. Rd1 g5 20. Be3 h6 21. Nb5 Bc5 22. Nxc7+ Kd8 23. Nb5 Bxe3 24. fxe3 Ke7 25. Rab1 h5 26. Nd4 g4 27. hxg4 hxg4 28. Bxg4 Rc8 29. Be2 Nxc4 30. Bxc4 Rxc4 31. Ne2 Re4 32. Rd3 Rc5 33. Kf2 Rf5+ 34. Kg1 Ne5 35. Ng3 Nxd3 36. Nxe4 b5 37. c4 Re5 38. Nd2 b4 39. axb4 Rxe3 40. c5 a3 {[%eval -120,45] [%wdl 0,316,684]}) 9... N8c6 {Etwas stärker war 9...Dd4 usw.} 10. Bf4 {Weniger genau als 10.Le3, so dass sich der schwarze Vorteil erneut vergrössert auf -+ (-2.26) (0% +0% =1% -99%).} Qd4 {[#]} 11. Qc1 $2 $19 {[%mdl 32768] Das ***VERLIERT*** nun aber endgültig. Bewertung -+ (-7.17) (0% +0% =0% -100%), Suchtiefe 48} Nxe5 12. Bxe5 Qxe5+ 13. Kd1 O-O-O+ 14. Nd2 Be7 15. a3 Bg5 {Der gefesselte Sd2 ist nicht mehr zu retten, aber noch viel schlimmer, dass Weiss seine Dame einbüsst.} ({auch} 15... Rxd2+ $6 {gewinnt} 16. Qxd2 (16. Kxd2 Rd8+ 17. Bd3 Rxd3#) 16... Rd8 17. Qxd8+ Kxd8 18. axb4 Qxb2 {Mattangriff}) 16. axb4 Rxd2+ 17. Qxd2 Bxd2 18. Kc2 ({Aber nicht} 18. Kxd2 Qxb2+ 19. Ke3 Qxa1 $19) 18... Rd8 19. Rxa7 Qf5+ 20. Kb3 Qxf2 21. Ra3 Bxb4 22. Ra8+ (22. Kxb4 Qxb2+ {und Matt in 7 Zügen.}) 22... Kd7 23. Rxd8+ Kxd8 24. h4 (24. Kxb4 Qxb2+ 25. Ka5 (25. Kc5 Qb6#) 25... c5 26. Bd3 Qb4#) 24... Bc5 25. Bd3 Qxg2 26. Rd1 Bd4 27. Bc2 e5 28. Rb1 {***AUFGEGEBEN***} 0-1